00588nam a22001937a 450000500170000001000140001702000180003102000250004903500130007403700130008708200110010010000170011124500590012826000490018727000380023630000290027449000410030350000500034420100724123014.0 aENG-96670 a9780070706743 a0-07-0706743c275.00 aEN-80203 bDBAD/PUB a306.85 aMckie, Linda aFamilies, violence and social change /cby Linda Mckie aNew DelhibTata McGraw Hill Education c2010 a7 West Patel NagarbDelhie110053 axiii, 178p.c23cm. (Pbk) aIssues in society; edited by Tim May aincludes bibliographical references and index